000 00369pab a2200157 454500
008 180718b2006 xxu||||| |||| 00| 0 eng d
100 _aErk, Jan
245 _aDoes federalism really matter? (a review article)
260 _c2006
300 _ap.103-20.
362 _aOct
650 _aFederalism
773 _aComparative Politics
908 _aN
909 _a72355
999 _c72355
_d72355